[Event "Titled Tuesday intern op 27th Jun Early"]
[Site "Chess.com INT"]
[Date "2023.06.27"]
[Round "3"]
[White "Jaskolka, Tomasz"]
[Black "Sezdbekov, Ruslan"]
[Result "1/2-1/2"]
[WhiteElo "2238"]
[BlackElo "2274"]
[PlyCount "118"]
[EventDate "2023.06.27"]
[EventType "swiss (blitz)"]
[EventRounds "11"]
[EventCountry "USA"]
[SourceTitle "EXT 2024"]
[Source "ChessBase"]
[SourceDate "2023.10.10"]
[SourceVersion "1"]
[SourceVersionDate "2023.10.10"]
[SourceQuality "1"]

1. d4 Nf6 2. Nc3 d5 3. Bf4 e6 4. Nb5 Bd6 5. Nxd6+ cxd6 6. e3 Nc6 7. Nf3 0-0 8. c3 Re8 9. h3 e5 10. Bh2 h6 11. Be2 Bf5 12. 0-0 Qd7 13. Rc1 e4 14. Nd2 Be6 15. c4 dxc4 16. Nxc4 Bxc4 17. Bxc4 d5 18. Bb5 Rec8 19. Qa4 Qe6 20. Rc3 a6 21. Bxc6 Rxc6 22. Rxc6 Qxc6 23. Qxc6 bxc6 24. Rc1 Rc8 25. Kf1 Nd7 26. Bd6 f6 27. Ke2 Kf7 28. b4 Nb6 29. Rc5 Nc4 30. Bg3 Ke6 31. a4 Kd7 32. f3 f5 33. h4 Re8 34. Bf4 exf3+ 35. gxf3 g5 36. hxg5 hxg5 37. Bxg5 Rb8 38. e4 Rxb4 39. exd5 cxd5 40. Rxd5+ Ke6 41. Rc5 Rxa4 42. Kd3 Nd6 43. Re5+ Kd7 44. Re7+ Kc6 45. Bf4 Ra3+ 46. Ke2 Nb5 47. Be5 a5 48. Re8 Nc3+ 49. Kf2 Nd5 50. Kg3 a4 51. Rc8+ Kd7 52. Rc5 Ne7 53. Kf4 Rd3 54. Ra5 a3 55. Ra7+ Ke6 56. Ra6+ Kf7 57. Ra7 Ke6 58. Ra6+ Kd7 59. Ra7+ Ke6 1/2-1/2

[Event "MSU Interuniversity Cup"]
[Site "Moscow RUS"]
[Date "2023.05.16"]
[Round "3.5"]
[White "Sezdbekov, Ruslan"]
[Black "Shihaliev, Orazali"]
[Result "1/2-1/2"]
[WhiteElo "2285"]
[BlackElo "1854"]
[PlyCount "80"]
[EventDate "2023.05.15"]
[EventType "team (rapid)"]
[EventRounds "9"]
[EventCountry "RUS"]
[SourceTitle "CBM 214 Extra"]
[Source "ChessBase"]
[SourceDate "2023.07.31"]
[SourceVersion "1"]
[SourceVersionDate "2023.07.31"]
[SourceQuality "1"]
[WhiteTeam "Kyrgyzstan"]
[BlackTeam "Turkmenistan"]
[WhiteTeamCountry "KGZ"]
[BlackTeamCountry "TKM"]

1. d4 Nf6 2. Nf3 g6 3. c4 Bg7 4. Nc3 d5 5. cxd5 Nxd5 6. e4 Nxc3 7. bxc3 c5 8. Be3 cxd4 9. Bxd4 0-0 10. Be2 Nc6 11. 0-0 Nxd4 12. cxd4 e6 13. Rb1 b6 14. Bc4 Bb7 15. Re1 Rc8 16. Qd3 Rc7 17. Rbd1 Qc8 18. Bb3 Rd8 19. Qe3 Rcd7 20. h4 h5 21. Rd2 Qb8 22. Red1 Qd6 23. Ng5 Qe7 24. Nf3 Bf6 25. Qf4 Bg7 26. Qe3 Bf6 27. Qf4 Bg7 28. g4 hxg4 29. Qxg4 Qf6 30. Rd3 Bh6 31. Ne5 Rxd4 32. Rxd4 Rxd4 33. Rxd4 Qxe5 34. Rd8+ Kg7 35. Bxe6 Bxe4 36. Rd7 Qa1+ 37. Rd1 Qe5 38. Rd7 Qa1+ 39. Rd1 Qe5 40. Rd7 Qa1+ 1/2-1/2

[Event "KGZ-ch"]
[Site "Bishkek"]
[Date "2023.04.28"]
[Round "1"]
[White "Sezdbekov, Ruslan"]
[Black "Tapaev, Totuhan"]
[Result "1-0"]
[WhiteElo "2285"]
[BlackElo "1885"]
[PlyCount "43"]
[EventDate "2023.04.28"]
[EventType "tourn"]
[EventRounds "11"]
[EventCountry "KGZ"]
[SourceTitle "CBM 214 Extra"]
[Source "ChessBase"]
[SourceDate "2023.07.31"]
[SourceVersion "1"]
[SourceVersionDate "2023.07.31"]
[SourceQuality "1"]

1. e4 c5 2. Nf3 Nc6 3. Bb5 e6 4. Bxc6 bxc6 5. 0-0 Ne7 6. e5 Ng6 7. Nc3 Be7 8. d3 0-0 9. Re1 Qc7 10. Rb1 f6 11. exf6 gxf6 12. h4 d5 13. Bh6 Re8 14. h5 Nh8 15. Ne5 Bf8 16. Qg4+ Bg7 17. Nxc6 e5 18. Qg3 Be6 19. Nb5 Qd7 20. Bxg7 Qxg7 21. Qxg7+ Kxg7 22. Nc7 1-0

[Event "The Game has begun U20"]
[Site "Khanty-Mansiysk"]
[Date "2022.12.07"]
[Round "9"]
[White "Grebnev, Aleksey"]
[Black "Sezdbekov, Ruslan"]
[Result "1-0"]
[WhiteElo "2477"]
[BlackElo "2291"]
[PlyCount "79"]
[EventDate "2022.11.29"]
[EventType "tourn"]
[EventRounds "9"]
[EventCountry "RUS"]
[EventCategory "10"]
[SourceTitle "CBM 211 Extra"]
[Source "ChessBase"]
[SourceDate "2023.01.31"]
[SourceVersion "1"]
[SourceVersionDate "2023.01.31"]
[SourceQuality "1"]

1. d4 Nf6 2. c4 e6 3. Nc3 d5 4. cxd5 exd5 5. Bg5 c6 6. e3 Be7 7. Bd3 0-0 8. Nge2 a5 9. 0-0 Na6 10. Rc1 Re8 11. h3 h6 12. Bh4 Bd6 13. Bb1 Nc7 14. Qc2 g6 15. Qd2 Ne6 16. e4 g5 17. e5 gxh4 18. exd6 Ng5 19. f4 Nge4 20. Bxe4 Nxe4 21. Nxe4 Rxe4 22. Nc3 Re8 23. f5 Qxd6 24. Rf4 Qf6 25. Qf2 Bd7 26. Rf1 Re7 27. Rxh4 Rae8 28. Rf4 b5 29. Qf3 b4 30. Nd1 Re4 31. Rxe4 Rxe4 32. Nf2 Qxd4 33. Qg3+ Kh7 34. f6 Bg4 35. hxg4 Re3 36. Qc7 Kg6 37. Qd8 Kg5 38. Qg8+ Kh4 39. Qxf7 Re5 40. Qg6 1-0

[Event "The Game has begun U20"]
[Site "Khanty-Mansiysk"]
[Date "2022.12.02"]
[Round "4"]
[White "Shubin, Kirill"]
[Black "Sezdbekov, Ruslan"]
[Result "1-0"]
[WhiteElo "2454"]
[BlackElo "2291"]
[PlyCount "53"]
[EventDate "2022.11.29"]
[EventType "tourn"]
[EventRounds "9"]
[EventCountry "RUS"]
[EventCategory "10"]
[SourceTitle "CBM 211 Extra"]
[Source "ChessBase"]
[SourceDate "2023.01.31"]
[SourceVersion "1"]
[SourceVersionDate "2023.01.31"]
[SourceQuality "1"]

1. e4 e5 2. Nf3 Nf6 3. Nxe5 d6 4. Nf3 Nxe4 5. d4 d5 6. Bd3 Bd6 7. 0-0 0-0 8. c4 c6 9. Nc3 Nxc3 10. bxc3 dxc4 11. Bxc4 h6 12. Bb3 Bf5 13. Ne5 Nd7 14. Qh5 Be6 15. Bxh6 Bxe5 16. dxe5 gxh6 17. Bxe6 fxe6 18. Qg6+ Kh8 19. Qxh6+ Kg8 20. Qg6+ Kh8 21. Qxe6 Qe8 22. Qh6+ Kg8 23. Rae1 Qe7 24. Re3 Qh7 25. Qd6 Qf5 26. Rf3 Qxe5 27. Rg3+ 1-0

[Event "Moscow Botvinnik Memorial Cup"]
[Site "Moscow"]
[Date "2022.08.23"]
[Round "9.2"]
[White "Kleymenova, Valeria"]
[Black "Sezdbekov, Ruslan"]
[Result "1/2-1/2"]
[WhiteElo "2183"]
[BlackElo "2257"]
[PlyCount "77"]
[EventDate "2022.08.18"]
[EventType "team-tourn"]
[EventRounds "9"]
[EventCountry "RUS"]
[SourceTitle "CBM 209 Extra"]
[Source "ChessBase"]
[SourceDate "2022.09.30"]
[SourceVersion "1"]
[SourceVersionDate "2022.09.30"]
[SourceQuality "1"]
[WhiteTeam "Russia"]
[BlackTeam "Kyrgyzstan"]
[WhiteTeamCountry "RUS"]
[BlackTeamCountry "KGZ"]

1. d4 Nf6 2. c4 e6 3. g3 d5 4. Bg2 Be7 5. Nf3 0-0 6. 0-0 dxc4 7. Qa4 a6 8. Qxc4 b5 9. Qc2 Bb7 10. Bd2 Nc6 11. e3 Nb4 12. Bxb4 Bxb4 13. a3 Be7 14. Nbd2 h6 15. e4 Nd7 16. Nb3 Rc8 17. Nc5 Bxc5 18. dxc5 Ba8 19. Rfd1 Qe7 20. b4 e5 21. Nh4 Nf6 22. Nf5 Qe6 23. Rd2 g6 24. Ne3 Rfd8 25. Rad1 Rxd2 26. Rxd2 Kg7 27. Nd5 Bc6 28. Qb2 Bxd5 29. exd5 Qf5 30. d6 cxd6 31. Rxd6 a5 32. Rd2 axb4 33. axb4 Rc7 34. Qc2 Qe6 35. Qa2 Qf5 36. Qa5 Re7 37. Qxb5 Qb1+ 38. Bf1 Ne4 39. Rd7 1/2-1/2

[Event "Moscow Botvinnik Memorial Cup"]
[Site "Moscow"]
[Date "2022.08.23"]
[Round "9.2"]
[White "Sezdbekov, Ruslan"]
[Black "Uskov, Artem"]
[Result "1/2-1/2"]
[WhiteElo "2257"]
[BlackElo "2377"]
[PlyCount "86"]
[EventDate "2022.08.18"]
[EventType "team-tourn"]
[EventRounds "9"]
[EventCountry "RUS"]
[SourceTitle "CBM 209 Extra"]
[Source "ChessBase"]
[SourceDate "2022.09.30"]
[SourceVersion "1"]
[SourceVersionDate "2022.09.30"]
[SourceQuality "1"]
[WhiteTeam "Kyrgyzstan"]
[BlackTeam "Russia"]
[WhiteTeamCountry "KGZ"]
[BlackTeamCountry "RUS"]

1. e4 Nf6 2. e5 Nd5 3. Nf3 d6 4. exd6 cxd6 5. d4 g6 6. Be2 Bg7 7. 0-0 0-0 8. c3 Nc6 9. Nbd2 e5 10. dxe5 dxe5 11. Ne4 Nf4 12. Be3 Bf5 13. Bxf4 exf4 14. Nd6 Be6 15. Bc4 Bg4 16. Nxf7 Rxf7 17. Bxf7+ Kxf7 18. Qb3+ Kf8 19. Rad1 Qe7 20. Rfe1 Ne5 21. Qd5 Bxf3 22. gxf3 Re8 23. Kg2 Bf6 24. Re4 g5 25. Ra4 b6 26. Re4 Kg7 27. Qb5 Qe6 28. h3 Re7 29. a4 h5 30. Rde1 g4 31. hxg4 hxg4 32. Rxf4 gxf3+ 33. Rxf3 Nxf3 34. Rxe6 Nh4+ 35. Kh3 Rxe6 36. a5 Ng6 37. axb6 axb6 38. Kg2 Be7 39. Qd7 Rd6 40. Qb7 Kh6 41. Kf3 Bh4 42. Ke3 Re6+ 43. Kd3 Bxf2 1/2-1/2

[Event "Moscow Botvinnik Memorial Cup"]
[Site "Moscow"]
[Date "2022.08.23"]
[Round "9.2"]
[White "Zverev, Lev"]
[Black "Sezdbekov, Ruslan"]
[Result "1/2-1/2"]
[WhiteElo "2246"]
[BlackElo "2257"]
[PlyCount "96"]
[EventDate "2022.08.18"]
[EventType "team-tourn"]
[EventRounds "9"]
[EventCountry "RUS"]
[SourceTitle "CBM 209 Extra"]
[Source "ChessBase"]
[SourceDate "2022.09.30"]
[SourceVersion "1"]
[SourceVersionDate "2022.09.30"]
[SourceQuality "1"]
[WhiteTeam "Russia"]
[BlackTeam "Kyrgyzstan"]
[WhiteTeamCountry "RUS"]
[BlackTeamCountry "KGZ"]

1. e4 e5 2. Nf3 Nc6 3. Bc4 Nf6 4. d3 Bc5 5. 0-0 d6 6. c3 Bb6 7. Bb3 Ne7 8. Nbd2 c6 9. Re1 0-0 10. h3 Ng6 11. Nf1 Nh5 12. d4 Qc7 13. Be3 Nhf4 14. Ng3 Be6 15. Qd2 Rad8 16. Ne2 Nxe2+ 17. Qxe2 Rfe8 18. Bc2 h6 19. Rad1 Qe7 20. Nh2 Qf6 21. Qf3 Qxf3 22. Nxf3 Kf8 23. a4 a5 24. d5 Bxe3 25. fxe3 Bc8 26. Nd2 cxd5 27. exd5 Ke7 28. Nc4 Bd7 29. Ra1 Ra8 30. Nb6 Ra7 31. Bxg6 fxg6 32. Ra3 Rf8 33. Rb3 Kd8 34. Nxd7 Kxd7 35. Rf1 Rxf1+ 36. Kxf1 Kc7 37. Ke2 Ra8 38. Ra3 Rf8 39. Ra1 Kb6 40. e4 Kc5 41. b3 Rf4 42. Ke3 Rf8 43. Rb1 Kb6 44. Rd1 Kc5 45. b4+ Kb6 46. Rb1 axb4 47. Rxb4+ Kc7 48. Ke2 Ra8 1/2-1/2

[Event "Moscow Botvinnik Memorial Cup"]
[Site "Moscow"]
[Date "2022.08.22"]
[Round "7.3"]
[White "Ahmad, Khagan"]
[Black "Sezdbekov, Ruslan"]
[Result "0-1"]
[WhiteElo "2196"]
[BlackElo "2257"]
[PlyCount "119"]
[EventDate "2022.08.18"]
[EventType "team-tourn"]
[EventRounds "9"]
[EventCountry "RUS"]
[SourceTitle "CBM 209 Extra"]
[Source "ChessBase"]
[SourceDate "2022.09.30"]
[SourceVersion "1"]
[SourceVersionDate "2022.09.30"]
[SourceQuality "1"]
[WhiteTeam "Azerbaijan"]
[BlackTeam "Kyrgyzstan"]
[WhiteTeamCountry "AZE"]
[BlackTeamCountry "KGZ"]

1. e4 e5 2. Nf3 Nf6 3. Nxe5 d6 4. Nf3 Nxe4 5. d4 d5 6. Bd3 Bd6 7. 0-0 0-0 8. c4 c6 9. Nc3 Nxc3 10. bxc3 h6 11. Rb1 dxc4 12. Bxc4 b5 13. Bb3 Bf5 14. Bc2 Bxc2 15. Qxc2 Qf6 16. a4 a6 17. c4 bxa4 18. Qxa4 Nd7 19. Rb7 Rfd8 20. Re1 a5 21. Ba3 Bxa3 22. Qxa3 Nf8 23. Ree7 Rab8 24. g3 Rxb7 25. Rxb7 Ne6 26. Ne5 Nxd4 27. f4 Ne2+ 28. Kg2 Nxf4+ 29. gxf4 Qxf4 30. Nf3 Qxc4 31. Qe7 Qd5 32. Kg3 Qd6+ 33. Qxd6 Rxd6 34. Ne5 f6 35. Nc4 Rd3+ 36. Kg2 a4 37. Ra7 Kh7 38. Nb6 a3 39. Nc4 c5 40. Nxa3 Rd2+ 41. Kg3 Ra2 42. Ra5 g5 43. h4 Kg6 44. Ra6 c4 45. hxg5 hxg5 46. Kf3 c3 47. Ke3 g4 48. Ra8 g3 49. Rg8+ Kf7 50. Rxg3 Rxa3 51. Rg1 Ra8 52. Kd3 Rc8 53. Kc2 f5 54. Rf1 Kf6 55. Rh1 Rc5 56. Rh8 Kg5 57. Rh1 f4 58. Rg1+ Kf5 59. Rg7 f3 60. Rg3 0-1